000 00525nam a2200157 i 4500
001 46611
003 ES-MaACL
005 20230906161422.0
007 t|
008 030331s1971 sp ||||1| spa d
111 2 _aCongreso Nacional de Pediatría (
_n12º.
_d1968.
_cMálaga)
_9556
245 1 0 _aXII Congreso Nacional de Pediatría
_b: Málaga, 1968 : libro de actas y comunicaciones.
260 _a[Granada :
_bs.n.,
_c1971] (
_fGráf. del Sur)
300 _a319 p. :
_bil. ;
_c25 cm.
852 _aES-MaACL
_jC-41282
_bR.76609
999 _c46611
_d46611